| 000 | 00598nam a2200229Ia 4500 | ||
|---|---|---|---|
| 003 | OSt | ||
| 005 | 20220925170618.0 | ||
| 006 | a|||||r|||| 00| 0 | ||
| 007 | ta | ||
| 008 | 220923b |||||||| |||| 00| 0 eng d | ||
| 037 | _cGeneral Book | ||
| 040 |
_aRTL _cRTL _beng |
||
| 041 |
_2eng _aeng |
||
| 082 | _aY744.N4, H6 | ||
| 100 |
_aPravin Shahid _9237480 |
||
| 245 | 0 | _aPolitics and society | |
| 260 |
_aBaroda _bPadmaja _c1946 |
||
| 300 |
_axi, 175p _ccm. |
||
| 650 | _aIndian Society | ||
| 942 |
_hY744.N4, H6 _cGB _2CC |
||
| 999 |
_c480588 _d480588 |
||